[Event "Bundesliga 9798"]
[Site "Deutschland"]
[Date "1998.??.??"]
[Round "?.2"]
[White "Lanka, Zigurds"]
[Black "Schlosser, Philipp"]
[Result "1/2-1/2"]
[WhiteElo "2565"]
[BlackElo "2550"]
[PlyCount "89"]
[EventDate "1997.10.??"]
[EventType "team"]
[EventRounds "15"]
[EventCountry "GER"]
[SourceTitle "Bundesliga 9798"]
[Source "DeepChess"]
[SourceDate "2005.01.01"]
[SourceVersion "1"]
[SourceVersionDate "2005.01.01"]
[SourceQuality "1"]
[WhiteTeam "Dresdner SC 1898"]
[BlackTeam "SK Passau 1869"]
[WhiteTeamCountry "GER"]
[BlackTeamCountry "GER"]

1. e4 c6 2. d4 d5 3. exd5 cxd5 4. c4 Nf6 5. Nc3 e6 6. Nf3 Bb4 7. Bd3 dxc4 8.
Bxc4 O-O 9. O-O a6 10. Ne5 b5 11. Be2 Bb7 12. Bg5 Be7 13. Bf3 Ra7 14. a3 Nd5
15. Bxe7 Nxe7 16. Bxb7 Rxb7 17. Qf3 Rc7 18. Rad1 Nbc6 19. Rfe1 Nxe5 20. dxe5
Rd7 21. h4 Nf5 22. h5 h6 23. Ne4 Rxd1 24. Rxd1 Qc7 25. g4 Nh4 26. Qg3 Qxe5 27.
Qxe5 Nf3+ 28. Kg2 Nxe5 29. Kg3 Nc4 30. f4 Nxb2 31. Rd7 Nc4 32. g5 hxg5 33. fxg5
Nxa3 34. Ra7 Nc4 35. Rxa6 b4 36. Rc6 Ne3 37. Rb6 Nd5 38. Rb7 e5 39. Rb5 Rd8 40.
g6 fxg6 41. hxg6 Nf4 42. Rxe5 Nxg6 43. Rb5 Rd3+ 44. Kg4 Rb3 45. Rb8+ 1/2-1/2

[Event "Bundesliga 9798"]
[Site "Deutschland"]
[Date "1998.??.??"]
[Round "?.3"]
[White "Smejkal, Jan"]
[Black "Boensch, Uwe"]
[Result "1-0"]
[WhiteElo "2525"]
[BlackElo "2540"]
[PlyCount "63"]
[EventDate "1997.10.??"]
[EventType "team"]
[EventRounds "15"]
[EventCountry "GER"]
[SourceTitle "Bundesliga 9798"]
[Source "DeepChess"]
[SourceDate "2005.01.01"]
[SourceVersion "1"]
[SourceVersionDate "2005.01.01"]
[SourceQuality "1"]
[WhiteTeam "SK Passau 1869"]
[BlackTeam "Dresdner SC 1898"]
[WhiteTeamCountry "GER"]
[BlackTeamCountry "GER"]

1. c4 e6 2. Nf3 Nf6 3. Nc3 d5 4. d4 Be7 5. g3 O-O 6. Bg2 c6 7. O-O b6 8. Ne5
Ba6 9. cxd5 cxd5 10. Bf4 Bb7 11. Rc1 Nh5 12. Bd2 Nf6 13. Nb5 Ne8 14. Qc2 f6 15.
Nd3 Nc6 16. Nf4 Qd7 17. e4 Rc8 18. Qb3 dxe4 19. Qxe6+ Qxe6 20. Nxe6 a6 21. Nxf8
Kxf8 22. d5 axb5 23. dxc6 Rxc6 24. Rxc6 Bxc6 25. Rc1 Bd5 26. Be3 Nd6 27. b3 b4
28. Bxb6 Nb5 29. Rc8+ Kf7 30. Bc5 Be6 31. Rb8 Bxc5 32. Rxb5 1-0

[Event "Bundesliga 9798"]
[Site "Deutschland"]
[Date "1998.??.??"]
[Round "?.4"]
[White "Tischbierek, Raj"]
[Black "Wells, Peter K"]
[Result "1-0"]
[WhiteElo "2515"]
[BlackElo "2530"]
[PlyCount "63"]
[EventDate "1997.10.??"]
[EventType "team"]
[EventRounds "15"]
[EventCountry "GER"]
[SourceTitle "Bundesliga 9798"]
[Source "DeepChess"]
[SourceDate "2005.01.01"]
[SourceVersion "1"]
[SourceVersionDate "2005.01.01"]
[SourceQuality "1"]
[WhiteTeam "Dresdner SC 1898"]
[BlackTeam "SK Passau 1869"]
[WhiteTeamCountry "GER"]
[BlackTeamCountry "GER"]

1. g3 d5 2. Bg2 e5 3. d3 Nf6 4. Nf3 Bd6 5. O-O O-O 6. Nc3 c6 7. e4 dxe4 8. dxe4
Na6 9. a3 Nc7 10. Nh4 Bg4 11. Qe1 Ne6 12. h3 Bh5 13. Be3 Nd4 14. Rc1 Ne8 15. f4
f6 16. Qf2 Nc7 17. Kh1 c5 18. Nb1 Nce6 19. f5 Nc7 20. Nd2 Qe7 21. c3 Bf7 22. g4
Nb3 23. Nxb3 Bxb3 24. Nf3 b5 25. g5 fxg5 26. Bxg5 Qf7 27. Nd2 Ba4 28. Rg1 Kh8
29. Bf3 Ne8 30. Qh4 Qb7 31. b3 Bxb3 32. Nxb3 $138 1-0

[Event "Bundesliga 9798"]
[Site "Deutschland"]
[Date "1998.??.??"]
[Round "?.5"]
[White "Pichler, Juergen"]
[Black "Uhlmann, Wolfgang"]
[Result "0-1"]
[WhiteElo "2395"]
[BlackElo "2485"]
[PlyCount "134"]
[EventDate "1997.10.??"]
[EventType "team"]
[EventRounds "15"]
[EventCountry "GER"]
[SourceTitle "Bundesliga 9798"]
[Source "DeepChess"]
[SourceDate "2005.01.01"]
[SourceVersion "1"]
[SourceVersionDate "2005.01.01"]
[SourceQuality "1"]
[WhiteTeam "SK Passau 1869"]
[BlackTeam "Dresdner SC 1898"]
[WhiteTeamCountry "GER"]
[BlackTeamCountry "GER"]

1. e4 e6 2. d4 d5 3. Nc3 Bb4 4. exd5 exd5 5. Bd3 c6 6. Nge2 Nf6 7. O-O O-O 8.
Bf4 Bg4 9. f3 Bh5 10. Qd2 Bg6 11. a3 Bd6 12. Rae1 Re8 13. Nc1 Rxe1 14. Rxe1
Bxf4 15. Qxf4 Nbd7 16. Bxg6 hxg6 17. Nd3 Nf8 18. Ne2 Qb6 19. c3 Re8 20. Qd2
N6d7 21. Nef4 Rxe1+ 22. Qxe1 g5 23. Ne2 Ne6 24. Qd2 a5 25. g3 Qb5 26. f4 gxf4
27. gxf4 Nf6 28. Ng3 c5 29. Nxc5 Nxc5 30. dxc5 Qxc5+ 31. Kg2 Kf8 32. Nf5 Qc4
33. Nd4 Ne4 34. Qe3 Qc8 35. h3 Qc4 36. Qe2 Qxe2+ 37. Nxe2 a4 38. Nc1 Ke7 39.
Nd3 Kd6 40. Kf3 Nc5 41. Nf2 Ne6 42. Nd3 d4 43. h4 Nc5 44. Nxc5 Kxc5 45. cxd4+
Kxd4 46. Kg4 Kc4 47. Kg5 Kb3 48. f5 Kxb2 49. h5 Kxa3 50. f6 gxf6+ 51. Kf5 Kb3
52. h6 a3 53. h7 a2 54. h8=Q a1=Q 55. Qh3+ Qc3 56. Qf1 Qe5+ 57. Kg4 b5 58. Qd3+
Kb4 59. Qb1+ Kc5 60. Qc2+ Kd6 61. Qd3+ Ke7 62. Qa3+ Qd6 63. Qa8 b4 64. Kh5 f5
65. Qb7+ Kf8 66. Kh4 Kg7 67. Qa7 b3 0-1

[Event "Bundesliga 9798"]
[Site "Deutschland"]
[Date "1998.??.??"]
[Round "?.7"]
[White "Schmidt, Peter"]
[Black "Borriss, Martin"]
[Result "1/2-1/2"]
[WhiteElo "2410"]
[BlackElo "2430"]
[PlyCount "83"]
[EventDate "1997.10.??"]
[EventType "team"]
[EventRounds "15"]
[EventCountry "GER"]
[SourceTitle "Bundesliga 9798"]
[Source "DeepChess"]
[SourceDate "2005.01.01"]
[SourceVersion "1"]
[SourceVersionDate "2005.01.01"]
[SourceQuality "1"]
[WhiteTeam "SK Passau 1869"]
[BlackTeam "Dresdner SC 1898"]
[WhiteTeamCountry "GER"]
[BlackTeamCountry "GER"]

1. d4 Nf6 2. Nf3 g6 3. g3 Bg7 4. Bg2 O-O 5. O-O d6 6. c4 Nbd7 7. Nc3 e5 8. e4
c6 9. h3 Qa5 10. Re1 exd4 11. Nxd4 Ne5 12. Bf1 Re8 13. Be3 Be6 14. Nxe6 Rxe6
15. Kg2 Rae8 16. Qb3 Qc7 17. Bxa7 b5 18. Be3 Nxc4 19. Bxc4 bxc4 20. Qxc4 Nxe4
21. Nxe4 Rxe4 22. Bb6 Qe7 23. Rxe4 Qxe4+ 24. Qxe4 Rxe4 25. a4 Bd4 26. Kf3 f5
27. Bxd4 Rxd4 28. a5 Rd3+ 29. Kf4 Kg7 30. g4 fxg4 31. hxg4 Rd2 32. a6 Rxf2+ 33.
Ke4 Rf8 34. Rc1 Rb8 35. Rxc6 Rxb2 36. g5 Kf7 37. Rxd6 Ke7 38. Rf6 h6 39. a7 Ra2
40. Rxg6 Kf7 41. Rxh6 Kg7 42. Kf5 1/2-1/2

[Event "Bundesliga 9798"]
[Site "Deutschland"]
[Date "1998.??.??"]
[Round "?.8"]
[White "Gauglitz, Gernot"]
[Black "Schlingensiepen, Christian"]
[Result "1-0"]
[WhiteElo "2400"]
[BlackElo "2300"]
[PlyCount "69"]
[EventDate "1997.10.??"]
[EventType "team"]
[EventRounds "15"]
[EventCountry "GER"]
[SourceTitle "Bundesliga 9798"]
[Source "DeepChess"]
[SourceDate "2005.01.01"]
[SourceVersion "1"]
[SourceVersionDate "2005.01.01"]
[SourceQuality "1"]
[WhiteTeam "Dresdner SC 1898"]
[BlackTeam "SK Passau 1869"]
[WhiteTeamCountry "GER"]
[BlackTeamCountry "GER"]

1. d4 Nf6 2. Nf3 e6 3. c4 d5 4. Nc3 dxc4 5. e4 Bb4 6. e5 Nd5 7. Bd2 c5 8. Ne4
O-O 9. dxc5 Nd7 10. Bxb4 Nxb4 11. Bxc4 Qc7 12. a3 Nxc5 13. axb4 Nxe4 14. Qe2 f5
15. O-O Qb6 16. b5 Bd7 17. Rfd1 Rad8 18. Qe3 Qxe3 19. fxe3 Bc8 20. Nd4 Rde8 21.
Rxa7 h6 22. g3 g5 23. Ra8 Kh7 24. Rc1 g4 25. Bd3 Ng5 26. Rc7+ Kg6 27. b6 Rd8
28. Kf2 h5 29. Bf1 Nf7 30. Ra5 Rfe8 31. Bg2 Rd7 32. Rcc5 Rdd8 33. Ra7 Re7 34.
Ra8 Ree8 35. Rb8 1-0

[Event "Bundesliga 9798"]
[Site "Deutschland"]
[Date "1998.??.??"]
[Round "?.2"]
[White "Bologan, Viktor"]
[Black "Roos, Daniel"]
[Result "1-0"]
[WhiteElo "2585"]
[BlackElo "2420"]
[PlyCount "45"]
[EventDate "1997.10.??"]
[EventType "team"]
[EventRounds "15"]
[EventCountry "GER"]
[SourceTitle "Bundesliga 9798"]
[Source "DeepChess"]
[SourceDate "2005.01.01"]
[SourceVersion "1"]
[SourceVersionDate "2005.01.01"]
[SourceQuality "1"]
[WhiteTeam "Dresdner SC 1898"]
[BlackTeam "SK Zaehringen 1921"]
[WhiteTeamCountry "GER"]
[BlackTeamCountry "GER"]

1. e4 c6 2. d4 d5 3. e5 Bf5 4. Nf3 e6 5. Be2 Nd7 6. O-O h6 7. b3 Ne7 8. c4 Ng6
9. Na3 dxc4 10. bxc4 c5 11. d5 a6 12. Ne1 Ngxe5 13. g4 Bh7 14. f4 Ng6 15. dxe6
fxe6 16. Rb1 Rb8 17. f5 Nge5 18. Bf4 exf5 19. gxf5 Be7 20. Bh5+ Kf8 21. Nf3 Qc7
22. Qd5 Bf6 23. Rbe1 1-0

[Event "Bundesliga 9798"]
[Site "Deutschland"]
[Date "1998.??.??"]
[Round "?.3"]
[White "Maier, Christian"]
[Black "Boensch, Uwe"]
[Result "0-1"]
[WhiteElo "2380"]
[BlackElo "2540"]
[PlyCount "72"]
[EventDate "1997.10.??"]
[EventType "team"]
[EventRounds "15"]
[EventCountry "GER"]
[SourceTitle "Bundesliga 9798"]
[Source "DeepChess"]
[SourceDate "2005.01.01"]
[SourceVersion "1"]
[SourceVersionDate "2005.01.01"]
[SourceQuality "1"]
[WhiteTeam "SK Zaehringen 1921"]
[BlackTeam "Dresdner SC 1898"]
[WhiteTeamCountry "GER"]
[BlackTeamCountry "GER"]

1. e4 c5 2. Nf3 e6 3. d3 Nc6 4. c3 d5 5. Nbd2 Bd6 6. g3 Nge7 7. Bg2 b6 8. O-O
O-O 9. Re1 Ba6 10. exd5 Nxd5 11. Nc4 Rc8 12. Nxd6 Qxd6 13. Ng5 Nf6 14. Ne4 Nxe4
15. dxe4 Qxd1 16. Rxd1 Ne5 17. f4 Be2 18. Re1 Nf3+ 19. Bxf3 Bxf3 20. Kf2 Bg4
21. Kg2 Rfd8 22. h3 Bd1 23. g4 Rd3 24. Be3 Rcd8 25. Kf2 f6 26. Rg1 Kf7 27. Rg3
h6 28. h4 R8d7 29. g5 h5 30. gxf6 gxf6 31. Rc1 a5 32. b4 axb4 33. cxb4 cxb4 34.
Rc6 Ra3 35. Rg1 Rxa2+ 36. Kg3 Re2 0-1

[Event "Bundesliga 9798"]
[Site "Deutschland"]
[Date "1998.??.??"]
[Round "?.4"]
[White "Tischbierek, Raj"]
[Black "Gruenenwald, Joerg"]
[Result "1-0"]
[WhiteElo "2515"]
[BlackElo "2330"]
[PlyCount "66"]
[EventDate "1997.10.??"]
[EventType "team"]
[EventRounds "15"]
[EventCountry "GER"]
[SourceTitle "Bundesliga 9798"]
[Source "DeepChess"]
[SourceDate "2005.01.01"]
[SourceVersion "1"]
[SourceVersionDate "2005.01.01"]
[SourceQuality "1"]
[WhiteTeam "Dresdner SC 1898"]
[BlackTeam "SK Zaehringen 1921"]
[WhiteTeamCountry "GER"]
[BlackTeamCountry "GER"]

1. g3 g6 2. Bg2 Bg7 3. d4 c5 4. dxc5 Na6 5. e4 Nxc5 6. Ne2 d6 7. O-O Nf6 8.
Nbc3 O-O 9. h3 Bd7 10. Re1 Rc8 11. a4 b6 12. g4 Bc6 13. Ng3 a6 14. Be3 Nfd7 15.
Bd4 Bh6 16. Be3 Bg7 17. Qd2 Re8 18. Bd4 Ne5 19. b3 Bb7 20. Nge2 e6 21. f4 Nc6
22. Bxg7 Kxg7 23. b4 Nd7 24. Qxd6 Qc7 25. Rad1 Red8 26. e5 Ndb8 27. Qxc7 Rxc7
28. b5 Rxd1 29. Rxd1 Nb4 30. Bxb7 Rxb7 31. Rd8 Nd7 32. Ne4 axb5 33. Nd6 Rc7 1-0

[Event "Bundesliga 9798"]
[Site "Deutschland"]
[Date "1998.??.??"]
[Round "?.5"]
[White "Roos, Jean Luc"]
[Black "Uhlmann, Wolfgang"]
[Result "0-1"]
[WhiteElo "2310"]
[BlackElo "2485"]
[PlyCount "85"]
[EventDate "1997.10.??"]
[EventType "team"]
[EventRounds "15"]
[EventCountry "GER"]
[SourceTitle "Bundesliga 9798"]
[Source "DeepChess"]
[SourceDate "2005.01.01"]
[SourceVersion "1"]
[SourceVersionDate "2005.01.01"]
[SourceQuality "1"]
[WhiteTeam "SK Zaehringen 1921"]
[BlackTeam "Dresdner SC 1898"]
[WhiteTeamCountry "GER"]
[BlackTeamCountry "GER"]

1. e4 e6 2. d4 d5 3. e5 c5 4. c3 Nc6 5. Nf3 Qb6 6. a3 c4 7. Nbd2 f6 8. Be2 fxe5
9. Nxe5 Nxe5 10. dxe5 Bc5 11. O-O Ne7 12. b4 cxb3 13. Nxb3 O-O 14. Nxc5 Qxc5
15. Qb3 Nf5 16. a4 Qc7 17. Ba3 Rf7 18. Rae1 Bd7 19. Bd3 Rc8 20. Bb2 Qc6 21. Re2
Be8 22. Ra1 Rfc7 23. h3 Bg6 24. Kh2 Qe8 25. Rf1 Ng3 26. fxg3 Bxd3 27. Rff2 Bxe2
28. Rxe2 Rf7 29. Ba3 Qc6 30. Bb4 Rf1 31. a5 b6 32. Qa2 Qb5 33. axb6 Qxb6 34. g4
Qg1+ 35. Kg3 Ra1 36. Qd2 a5 37. Be7 Rc1 38. Qf4 R1xc3+ 39. Kh4 Qa7 40. Bd6 h6
41. Qf1 Qd7 42. Rf2 Qe8 43. Rf8+ 0-1

[Event "Bundesliga 9798"]
[Site "Deutschland"]
[Date "1998.??.??"]
[Round "?.6"]
[White "Maiwald, Jens Uwe"]
[Black "Schuh, Hubert"]
[Result "1/2-1/2"]
[WhiteElo "2450"]
[BlackElo "2305"]
[PlyCount "102"]
[EventDate "1997.10.??"]
[EventType "team"]
[EventRounds "15"]
[EventCountry "GER"]
[SourceTitle "Bundesliga 9798"]
[Source "DeepChess"]
[SourceDate "2005.01.01"]
[SourceVersion "1"]
[SourceVersionDate "2005.01.01"]
[SourceQuality "1"]
[WhiteTeam "Dresdner SC 1898"]
[BlackTeam "SK Zaehringen 1921"]
[WhiteTeamCountry "GER"]
[BlackTeamCountry "GER"]

1. e4 c5 2. d3 d6 3. g3 g6 4. Bg2 Bg7 5. f4 Nc6 6. Nf3 e6 7. O-O Nge7 8. c3 O-O
9. Be3 b6 10. Na3 Ba6 11. Re1 Qd7 12. Nc2 h6 13. d4 cxd4 14. Ncxd4 Rad8 15. Bh3
Qb7 16. Nb3 Qa8 17. Qc2 Bb7 18. Nbd2 Nb8 19. a4 Nd7 20. a5 bxa5 21. Rxa5 a6 22.
Bg2 Kh7 23. Bf2 Rfe8 24. h3 Qb8 25. Bf1 Qc7 26. Rea1 Nb8 27. Qb3 Nc8 28. h4 Qc6
29. h5 gxh5 30. Rxh5 Kg8 31. Ra4 Ne7 32. Rb4 Ba8 33. Rc4 Qd7 34. Ra4 Qc6 35.
Nd4 Qc8 36. Bh3 Nec6 37. f5 Nxd4 38. Bxd4 Qb7 39. Rb4 Qe7 40. Be3 Qf6 41. Rb6
Nd7 42. Rxd6 Qe5 43. fxe6 Qxh5 44. exf7+ Qxf7 45. Qxf7+ Kxf7 46. Bxd7 Ke7 47.
Rg6 Bxc3 48. bxc3 Kxd7 49. Rxa6 Bxe4 50. Rxh6 Bd3 51. Bf4 Re6 1/2-1/2

[Event "Bundesliga 9798"]
[Site "Deutschland"]
[Date "1998.??.??"]
[Round "?.7"]
[White "Herbrechtsmeier, Christof"]
[Black "Borriss, Martin"]
[Result "1-0"]
[WhiteElo "2280"]
[BlackElo "2430"]
[PlyCount "80"]
[EventDate "1997.10.??"]
[EventType "team"]
[EventRounds "15"]
[EventCountry "GER"]
[SourceTitle "Bundesliga 9798"]
[Source "DeepChess"]
[SourceDate "2005.01.01"]
[SourceVersion "1"]
[SourceVersionDate "2005.01.01"]
[SourceQuality "1"]
[WhiteTeam "SK Zaehringen 1921"]
[BlackTeam "Dresdner SC 1898"]
[WhiteTeamCountry "GER"]
[BlackTeamCountry "GER"]

1. e4 c5 2. Nf3 d6 3. d4 cxd4 4. Nxd4 Nf6 5. Nc3 e6 6. Be3 Be7 7. f3 Nc6 8. Qd2
a6 9. O-O-O O-O 10. g4 Nd7 11. h4 Nde5 12. Qf2 b5 13. Nxc6 Nxc6 14. f4 Qc7 15.
g5 b4 16. Na4 Bb7 17. h5 Rfe8 18. Bd3 a5 19. Kb1 b3 20. c3 bxa2+ 21. Ka1 Bf8
22. Qe2 Rab8 23. Bc2 Ne7 24. g6 fxg6 25. Qg4 Bc8 26. hxg6 h6 27. Rdg1 Nc6 28.
e5 dxe5 29. fxe5 Nxe5 30. Qg3 Bd6 31. Bf4 Nc4 32. Bxd6 Qxd6 33. Qxd6 Nxd6 34.
Kxa2 Bb7 35. Rh5 Bd5+ 36. b3 Rb5 37. Rh4 Rc8 38. c4 Rb4 39. Rd1 Ne8 40. Rdd4
Bc6 1-0

[Event "Bundesliga 9798"]
[Site "Deutschland"]
[Date "1998.??.??"]
[Round "?.8"]
[White "Gauglitz, Gernot"]
[Black "Vatter, Hans Joachim"]
[Result "1-0"]
[WhiteElo "2400"]
[BlackElo "2265"]
[PlyCount "71"]
[EventDate "1997.10.??"]
[EventType "team"]
[EventRounds "15"]
[EventCountry "GER"]
[SourceTitle "Bundesliga 9798"]
[Source "DeepChess"]
[SourceDate "2005.01.01"]
[SourceVersion "1"]
[SourceVersionDate "2005.01.01"]
[SourceQuality "1"]
[WhiteTeam "Dresdner SC 1898"]
[BlackTeam "SK Zaehringen 1921"]
[WhiteTeamCountry "GER"]
[BlackTeamCountry "GER"]

1. d4 Nf6 2. Nf3 e6 3. c4 b6 4. g3 Ba6 5. b3 Bb4+ 6. Bd2 Be7 7. Bg2 c6 8. Bc3
d5 9. Nbd2 O-O 10. Ne5 Nfd7 11. Nd3 b5 12. O-O bxc4 13. bxc4 Bxc4 14. Nxc4 dxc4
15. Nb2 Nb6 16. e4 N8d7 17. a4 a5 18. Qd2 c5 19. d5 exd5 20. exd5 Bf6 21. d6
Ra6 22. Rac1 Qb8 23. Rfd1 Rd8 24. Rb1 Qa7 25. Qc2 h6 26. h3 Bd4 27. Nxc4 Bxc3
28. Qxc3 Nxa4 29. Qe3 Nab6 30. Qe7 Rb8 31. Nxb6 Nxb6 32. d7 Nxd7 33. Rxb8+ Nxb8
34. Rd8+ Kh7 35. Be4+ g6 36. Qf8 1-0

[Event "Bundesliga 9798"]
[Site "Deutschland"]
[Date "1997.??.??"]
[Round "?.3"]
[White "Bologan, Viktor"]
[Black "Conquest, Stuart"]
[Result "0-1"]
[WhiteElo "2585"]
[BlackElo "2500"]
[PlyCount "80"]
[EventDate "1997.10.??"]
[EventType "team"]
[EventRounds "15"]
[EventCountry "GER"]
[SourceTitle "Bundesliga 9798"]
[Source "DeepChess"]
[SourceDate "2005.01.01"]
[SourceVersion "1"]
[SourceVersionDate "2005.01.01"]
[SourceQuality "1"]
[WhiteTeam "Dresdner SC 1898"]
[BlackTeam "SV Castrop Rauxel 1923"]
[WhiteTeamCountry "GER"]
[BlackTeamCountry "GER"]

1. e4 c6 2. d4 d5 3. e5 c5 4. dxc5 Nc6 5. Bf4 e6 6. Nd2 Bxc5 7. Nb3 Bb6 8. Qg4
g6 9. h4 h5 10. Qg3 a5 11. O-O-O a4 12. Nd2 a3 13. b3 Bd7 14. Kb1 Nh6 15. Bd3
Qc7 16. c3 Ne7 17. Ne2 Nef5 18. Qf3 Bc6 19. Rc1 Qd7 20. Ng3 Ng4 21. Nxf5 gxf5
22. Rhf1 d4 23. Qe2 Bc7 24. Nc4 f6 25. cxd4 Qxd4 26. exf6 Bxf4 27. Qxe6+ Kd8
28. Qe7+ Kc8 29. Bxf5+ Kb8 30. f7 Bxc1 31. Rxc1 Qf6 32. Qc5 Nh6 33. Bc2 Nxf7
34. b4 Rc8 35. Qe3 Bd5 36. Qg3+ Rc7 37. Nxa3 Nd6 38. Re1 Qc3 39. Re3 Qxb4+ 40.
Kc1 Ne4 0-1

[Event "Bundesliga 9798"]
[Site "Deutschland"]
[Date "1997.??.??"]
[Round "?.4"]
[White "Hoffmann, Michael"]
[Black "Tischbierek, Raj"]
[Result "1-0"]
[WhiteElo "2440"]
[BlackElo "2515"]
[PlyCount "81"]
[EventDate "1997.10.??"]
[EventType "team"]
[EventRounds "15"]
[EventCountry "GER"]
[SourceTitle "Bundesliga 9798"]
[Source "DeepChess"]
[SourceDate "2005.01.01"]
[SourceVersion "1"]
[SourceVersionDate "2005.01.01"]
[SourceQuality "1"]
[WhiteTeam "SV Castrop Rauxel 1923"]
[BlackTeam "Dresdner SC 1898"]
[WhiteTeamCountry "GER"]
[BlackTeamCountry "GER"]

1. e4 g6 2. d4 d6 3. c4 e5 4. Nc3 Nc6 5. Nge2 Bg7 6. Be3 f5 7. exf5 gxf5 8. d5
Nce7 9. f4 Nf6 10. Qd2 O-O 11. O-O-O a6 12. Kb1 b5 13. fxe5 dxe5 14. Bc5 bxc4
15. Ng3 Ne8 16. Nh5 Nd6 17. Nxg7 Kxg7 18. Re1 Ng6 19. h4 h5 20. Be2 Rh8 21. g3
Rb8 22. Ka1 Rb5 23. Nxb5 axb5 24. Bf3 Bb7 25. Re3 Nf7 26. Rhe1 Qf6 27. Bb4 Rd8
28. Bxh5 Bxd5 29. Qe2 Be4 30. Bxg6 Qxg6 31. g4 Bd3 32. gxf5 Qxf5 33. Qg2+ Kh7
34. Rf3 Qg6 35. Rg3 Qf6 36. Bc3 c5 37. Rg1 Nh6 38. Rg7+ Kh8 39. Rg5 Re8 40. Qg3
Nf7 41. Rg8+ 1-0

[Event "Bundesliga 9798"]
[Site "Deutschland"]
[Date "1997.??.??"]
[Round "?.6"]
[White "Appel, Ralf"]
[Black "Maiwald, Jens Uwe"]
[Result "1/2-1/2"]
[WhiteElo "2495"]
[BlackElo "2450"]
[PlyCount "40"]
[EventDate "1997.10.??"]
[EventType "team"]
[EventRounds "15"]
[EventCountry "GER"]
[SourceTitle "Bundesliga 9798"]
[Source "DeepChess"]
[SourceDate "2005.01.01"]
[SourceVersion "1"]
[SourceVersionDate "2005.01.01"]
[SourceQuality "1"]
[WhiteTeam "SV Castrop Rauxel 1923"]
[BlackTeam "Dresdner SC 1898"]
[WhiteTeamCountry "GER"]
[BlackTeamCountry "GER"]

1. Nf3 d6 2. g3 e5 3. Bg2 f5 4. d4 e4 5. Ng5 d5 6. c4 dxc4 7. Qa4+ Qd7 8. Qxc4
h6 9. Nh3 Qc6 10. Qxc6+ Nxc6 11. Be3 Nb4 12. Kd2 g5 13. f3 exf3 14. exf3 Bd7
15. Nc3 Nf6 16. a3 Nbd5 17. Nxd5 Nxd5 18. Bf2 f4 19. Rae1+ Kf7 20. gxf4 Bxh3
1/2-1/2

[Event "Bundesliga 9798"]
[Site "Deutschland"]
[Date "1997.??.??"]
[Round "?.7"]
[White "Borriss, Martin"]
[Black "Dinstuhl, Volkmar"]
[Result "0-1"]
[WhiteElo "2430"]
[BlackElo "2410"]
[PlyCount "84"]
[EventDate "1997.10.??"]
[EventType "team"]
[EventRounds "15"]
[EventCountry "GER"]
[SourceTitle "Bundesliga 9798"]
[Source "DeepChess"]
[SourceDate "2005.01.01"]
[SourceVersion "1"]
[SourceVersionDate "2005.01.01"]
[SourceQuality "1"]
[WhiteTeam "Dresdner SC 1898"]
[BlackTeam "SV Castrop Rauxel 1923"]
[WhiteTeamCountry "GER"]
[BlackTeamCountry "GER"]

1. e4 c5 2. Nf3 d6 3. d4 cxd4 4. Nxd4 Nf6 5. Nc3 a6 6. g3 e5 7. Nde2 Nbd7 8.
Bg2 b5 9. O-O Bb7 10. Nd5 Nxd5 11. exd5 Be7 12. Be3 O-O 13. Kh1 Re8 14. Qd2 Nf6
15. f4 Rc8 16. Rad1 Qc7 17. c3 e4 18. Bd4 Nxd5 19. Bxe4 Bf6 20. Bf3 Bxd4 21.
Nxd4 Ne3 22. Kg1 Nxf1 23. Rxf1 Bxf3 24. Rxf3 Qe7 25. Kf2 d5 26. a3 Qf6 27. Rd3
Rcd8 28. Qd1 Re4 29. Qf3 Rde8 30. Rd2 g6 31. h4 h5 32. Qd3 Qe7 33. Qf3 Re3 34.
Qxd5 Rxc3 35. Nf3 Qe3+ 36. Kg2 Rb3 37. Rf2 Rd3 38. Qc6 Re6 39. Qa8+ Kg7 40. Qb8
Qe4 41. Qc7 Qd5 42. f5 Rxf3 0-1

[Event "Bundesliga 9798"]
[Site "Deutschland"]
[Date "1998.??.??"]
[Round "?.1"]
[White "Muse, Mladen"]
[Black "Bologan, Viktor"]
[Result "1/2-1/2"]
[WhiteElo "2460"]
[BlackElo "2585"]
[PlyCount "77"]
[EventDate "1997.10.??"]
[EventType "team"]
[EventRounds "15"]
[EventCountry "GER"]
[SourceTitle "Bundesliga 9798"]
[Source "DeepChess"]
[SourceDate "2005.01.01"]
[SourceVersion "1"]
[SourceVersionDate "2005.01.01"]
[SourceQuality "1"]
[WhiteTeam "SV Empor Berlin e.V."]
[BlackTeam "Dresdner SC 1898"]
[WhiteTeamCountry "GER"]
[BlackTeamCountry "GER"]

1. d4 Nf6 2. c4 g6 3. Nc3 Bg7 4. e4 d6 5. Nf3 O-O 6. h3 e5 7. d5 a5 8. Be3 Na6
9. Nd2 Nd7 10. g4 f5 11. gxf5 gxf5 12. exf5 Ndc5 13. Nde4 Bxf5 14. Bg2 Qe8 15.
Nxc5 Nxc5 16. Bxc5 dxc5 17. Be4 Qg6 18. Qf3 Bxe4 19. Qxe4 Rf4 20. Qxg6 hxg6 21.
Rg1 Kf7 22. O-O-O Rxc4 23. d6 c6 24. Rg4 Rd4 25. Rdg1 Bf8 26. Ne4 Bxd6 27. Rxg6
Rxe4 28. Rxd6 Rc4+ 29. Kb1 Ke7 30. Rgg6 Rf4 31. Rge6+ Kf8 32. Rxe5 Re8 33. Rxc5
Rxf2 34. Rd7 Re1+ 35. Rc1 Re7 36. Rxe7 Kxe7 37. Rc5 Rf1+ 38. Kc2 Kd6 39. Rxa5
1/2-1/2

[Event "Bundesliga 9798"]
[Site "Deutschland"]
[Date "1998.??.??"]
[Round "?.2"]
[White "Lanka, Zigurds"]
[Black "Poldauf, Dirk"]
[Result "1-0"]
[WhiteElo "2565"]
[BlackElo "2455"]
[PlyCount "67"]
[EventDate "1997.10.??"]
[EventType "team"]
[EventRounds "15"]
[EventCountry "GER"]
[SourceTitle "Bundesliga 9798"]
[Source "DeepChess"]
[SourceDate "2005.01.01"]
[SourceVersion "1"]
[SourceVersionDate "2005.01.01"]
[SourceQuality "1"]
[WhiteTeam "Dresdner SC 1898"]
[BlackTeam "SV Empor Berlin e.V."]
[WhiteTeamCountry "GER"]
[BlackTeamCountry "GER"]

1. e4 e6 2. d4 d5 3. Nc3 Bb4 4. e5 c5 5. a3 Bxc3+ 6. bxc3 Ne7 7. Nf3 Qa5 8. Bd2
Nbc6 9. Be2 cxd4 10. cxd4 Qa4 11. Rb1 Nxd4 12. Bd3 Nec6 13. O-O b6 14. Bb4
Nxf3+ 15. Qxf3 Ba6 16. Qg3 g6 17. Bd6 O-O-O 18. Bxa6+ Qxa6 19. c4 dxc4 20. Rfc1
Na5 21. Rb4 Qb7 22. Rbxc4+ Nxc4 23. Rxc4+ Kd7 24. Qg5 Ke8 25. h3 Rd7 26. Qc1
Kd8 27. a4 Rg8 28. a5 f6 29. Qf4 Rf7 30. exf6 g5 31. Qe5 Qd5 32. Be7+ Rxe7 33.
Qb8+ Kd7 34. Qc7+ 1-0